| 000 | 00595nam a2200193Ia 4500 | ||
|---|---|---|---|
| 003 | IN-BaIIA | ||
| 008 | 211028s9999 xx 000 0 eng d | ||
| 020 | _a0-85274-830-2 | ||
| 040 | _cIIA Library | ||
| 080 |
_a524.3 _bCOO |
||
| 100 |
_aCooper, W. A. _916245 |
||
| 245 | 0 |
_aGetting the measure of the stars _cW. A. Cooper and E. N. Walker |
|
| 260 |
_aLondon _bAdam Hilger _c1989 |
||
| 300 | _axii, 293p. | ||
| 650 | _aAstronomy and astrophysics thesaurus | ||
| 650 |
_aStars measurement _916246 |
||
| 700 |
_aWalker, E. N _916247 |
||
| 942 | _cBK | ||
| 999 |
_c9631 _d9631 |
||